000 00983nas a2200301 4500
001 BR2012001370
003 BR-BrBNA
005 20231205120400.0
007 ta
008 230509b bl.|||p| |||| 00| 00por d
040 _aBR-BrBNA
_bpor
_cBiblioteca Nacional de Agricultura
041 _a(Pt)
072 _aN20
100 1 _aAlmeida, F. de A.C.
100 1 _aAraújo, M.E.R.
100 1 _aSilva, O.R.R.F. da
100 1 _aSantos, J.F. dos
100 1 _aGomes, J.P.
245 1 _aDesenvolvimento e avaliação de descaroçador para o beneficiamento do algodão
650 _aEQUIPAMENTO AGRÍCOLA
650 _aMÁQUINA AGRÍCOLA
650 _aPROCESSAMENTO
650 _aFIBRA VEGETAL
773 0 _tRevista Brasileira de Engenharia Agrícola e Ambiental (Brazil)
_xISSN 1807-1929
_g(Jun 2011), v.15(6) p. 607-614
_wBR2012001370
856 4 0 _uhttp://www.scielo.br/pdf/rbeaa/v15n6/v15n06a11.pdf
909 _a202311
_bLúcia
_c55
_dLúcia Elande
942 _2AGRIS
_n0
_cANA
999 _c218223
_d218223